000 00372pab a2200145 454500
008 180718b1997 xxu||||| |||| 00| 0 eng d
100 _aKaufman, Alexander
245 _aHegel and the ontological critique of liberalism
260 _c1997
300 _ap.807-17
362 _aDec
650 _aLiberalism
773 _aAmerican Political Science Review
909 _a36936
999 _c36936
_d36936